Statistics for Ultimate Mr Men Quiz

Click here to take the quiz!

General Stats

  • This quiz has been taken 631 times
  • The average score is 25 of 47

Answer Stats

Year of PublicationMr% Correct
1971Happy
93%
1971Tickle
88%
1971Bump
85%
1978Grumpy
78%
1972Small
78%
1978Tall
76%
1972Messy
72%
1971Greedy
71%
1976Strong
69%
1971Nosey
67%
1972Snow
61%
1976Funny
58%
1971Sneeze
58%
1972Topsy-Turvy
58%
1972Uppity
58%
1972Silly
56%
1976Chatterbox
55%
1978Clumsy
54%
1976Jelly
54%
1978Quiet
54%
1978Rush
53%
1976Lazy
52%
1976Noisy
52%
1978Clever
51%
1978Slow
51%
1976Bounce
50%
1976Mean
50%
1976Fussy
48%
1972Daydream
46%
1976Forgetful
46%
2003Rude
46%
1976Impossible
45%
1976Muddle
45%
1978Skinny
43%
1976Dizzy
42%
2010Nobody
42%
2003Good
41%
1990Brave
40%
1978Mischief
40%
2003Cool
39%
1978Nonsense
39%
1990Perfect
39%
1978Wrong
39%
1978Worry
38%
1978Busy
37%
1990Cheerful
34%
1990Grumble
34%

Score Distribution

Percentile by Number Answered

Percent of People with Each Score

Your Score History

You have not taken this quiz